Biblioteca

Ensayo sobre la obra estudiantil bautista (Registro nro. 67000)

Detalles MARC
000 -LÍDER
Campo fijo de descripción fija 01413nam a2200277 i 4500
001 - NÚMERO DE CONTROL
Campo de control 768714001
003 - IDENTIFICADOR DEL NÚMERO DE CONTROL
Campo de control CO-MdFUSB
005 - FECHA Y HORA DE LA ULTIMA TRANSACCIÓN
control field 20220729124654.0
007 - CAMPO FIJO DE DESCRIPCIÓN FIJA--INFORMACIÓN GENERAL
Campo fijo de descripción fija ta
008 - ELEMENTOS DE LONGITUD FIJA -- INFORMACIÓN GENERAL
Campo fijo de descripción fija -- Información general 211023t1986 xxu |||| |||| 00| 0 spa d
020 ## - NÚMERO INTERNACIONAL NORMALIZADO PARA LIBROS
Número Internacional Normalizado del libro [No incluye ISBN]
040 ## - FUENTE DE CATALOGACIÓN
Agencia de catalogación original CO-MdFUSB
Idioma de catalogación spa
Agencia que realiza la transcripción CO-MdFUSB
Agencia que realiza la modificación CO-MdFUSBC
Convenciones de la descripción rda
041 ## - CÓDIGO DE IDIOMA
Código de idioma para texto/pista de sonido o título separado spa
090 ## - SIGNATURA TOPOGRÁFICA LOCAL
Número de clasificación local AV 0263
245 ## - TÍTULO
Título del Material Ensayo sobre la obra estudiantil bautista
Mención de responsabilidad, etc. / editado por Ana María Swenson
264 #0 - PRODUCCIÓN, PUBLICACIÓN, DISTRIBUCIÓN, MANUFACTURA, Y COPYRIGHT
Lugar de producción, publicación, distribución, manufactura Buenos Aires, Argentina :
Nombre del productor, publicador, distribuidor Casa Bautista de Publicaciones,
Fecha de producción, publicación, distribución, manufactura, o copyright [1968]
300 ## - DESCRIPCIÓN FÍSICA
Extensión 67 páginas
Dimensiones ; 19 cm
336 ## - TIPO DE CONTENIDO
Fuente rdacontent
Término de tipo de contenido texto
Código de tipo de contenido txt
337 ## - TIPO DE MEDIO
Fuente rdamedia
Nombre del tipo de medio sin mediación
Código del tipo de medio n
338 ## - TIPO DE SOPORTE
Fuente rdacarrier
Nombre del tipo de soporte volumen
Código Tipo de soporte nc
505 ## - NOTA DE CONTENIDO
Nota de contenido con formato preestablecido Bases teológicas. -- Filosofía y objetivos del trabajo. -- Necesidades del estudiante. -- Metodología. -- Personal. -- Recursos económicos. -- Organización y estructuración. -- Cómo comenzar la Obra Estudiantil. -- Programa básico para la agrupación de estudiantes. -- Proyecto de Constitución. -- Estudio bíblico personal. -- Método Dinámico para el estudio bíblico en grupo. -- Curso de preparación. -- Cómo levantar el cuestionario de opinión religiosa entre estudiantes. -- Cuestionario de opinión religiosa. -- Grupo de compañerismo cristiano para estudiantes.
563 ## - NOTA DE ENCUADERNACIÓN
Nota de encuadernación Rústico
653 ## - TÉRMINO DE INDIZACIÓN - NO CONTROLADO
Término no controlado Iglesia Bautista -- Educación.
700 ## - ASIENTO SECUNDARIO - NOMBRE PERSONAL
9 (RLIN) 5845
Nombre personal Swenson, Ana María,
Responsabilidad editor
942 ## - TIPO DE MATERIAL (KOHA)
Tipo de Item KOHA Documentos Archivo Vertical
Existencias
Estado de Material Estado de Perdido Forma de Clasificación Estado de Dañado No para Préstamo Colección Biblioteca de Origen Biblioteca Permanente Fecha de Adquisición Total de Préstamos Signatura Topográfica Código de Barras Última vez visto Fecha de Remplazo Tipo de Material
    Dewey Decimal Classification     Colección Folletos Biblioteca FUSBC Biblioteca FUSBC 23/10/2021   AV 0263 19856 23/10/2021 23/10/2021 Documentos Archivo Vertical

Biblioteca FUSBC | Teléfono: (57+4) 349 88 10 Ext. 141| WhatsApp (+57) 3005338115 
E-mail: biblioteca@unisbc.edu.co | Calle 76 87-14 Robledo Palenque, Medellín, Colombia

Con tecnología Koha